|
|
|
|
| LEADER |
01169nam a2200289 a 4500 |
| 001 |
GR-MES15468 |
| 008 |
100115s gr b 001 0 eng d |
| 020 |
|
|
|a 0596008031
|
| 020 |
|
|
|a 9780470090
|q (PB)
|
| 020 |
|
|
|a 9780470090
|q (ΗΒ)
|
| 020 |
|
|
|a 9780596008
|
| 040 |
|
|
|a GrPaTEI
|b gre
|c GR-PaULI
|
| 040 |
|
|
|a GrPaTEI
|b gre
|c GR-PaULI
|
| 082 |
|
0 |
|a 005.437
|2 22
|
| 100 |
1 |
|
|a Tidwell, Jenifer
|
| 245 |
1 |
0 |
|a Designing interfaces /
|c Jenifer Tidwell.
|
| 260 |
|
|
|a Beijing :
|b O'Reilly,
|c c2008
|
| 300 |
|
|
|a xx, 331 σ. :
|b col., εικ. ;
|c 25 εκ.
|
| 500 |
|
|
|a Patterns for effective interaction design.
|
| 504 |
|
|
|a Περιλαμβάνει βιβλιογραφικές παραπομπές (σ. 313-316) και ευρετήριο.
|
| 650 |
|
0 |
|a Graphical user interfaces (Computer systems)
|
| 650 |
|
0 |
|a Human-computer interaction
|
| 650 |
|
0 |
|a User interfaces (Computer systems)
|
| 942 |
|
|
|2 ddc
|
| 952 |
|
|
|0 0
|1 0
|2 ddc
|4 0
|6 005_437000000000000_TID
|7 0
|9 273269
|a MSLG
|b MSLG
|c BSC
|d 2021-01-17
|e 24
|f 0
|g 0.00
|l 0
|o 005.437 TID
|p 2420000024544
|r 2021-01-17 00:00:00
|t 1
|w 2021-01-17
|y BK15
|x 20100301 0 1
|x GrPaTEI
|
| 971 |
|
|
|a .b25815179
|b 15-04-20
|c 13-09-16
|
| 999 |
|
|
|c 158225
|d 158225
|